100 វិទ្យាសាស្រ្តអភិវត្តន៍ពិភពលោក / (Record no. 1729)
[ view plain ]
| 000 -LEADER | |
|---|---|
| fixed length control field | 02320nam a22003257a 4500 |
| 001 - CONTROL NUMBER | |
| control field | 1729 |
| 003 - CONTROL NUMBER IDENTIFIER | |
| control field | FISKH |
| 005 - DATE AND TIME OF LATEST TRANSACTION | |
| control field | 20231003161348.0 |
| 008 - FIXED-LENGTH DATA ELEMENTS--GENERAL INFORMATION | |
| fixed length control field | 230921b cb ||||| |||| 00| 0 khr d |
| 020 ## - INTERNATIONAL STANDARD BOOK NUMBER | |
| International Standard Book Number | 9789924340188 |
| 040 ## - CATALOGING SOURCE | |
| Original cataloging agency | FISKH |
| Language of cataloging | eng |
| Transcribing agency | FISKH |
| Modifying agency | FISKH |
| 082 ## - DEWEY DECIMAL CLASSIFICATION NUMBER | |
| Classification number | 509.031 |
| 100 ## - MAIN ENTRY--PERSONAL NAME | |
| Personal name | Tae-kwan, Kim |
| 245 ## - TITLE STATEMENT | |
| Title | 100 វិទ្យាសាស្រ្តអភិវត្តន៍ពិភពលោក / |
| Remainder of title | ពីកំណើតនៃគ្រឿងយន្តប្រើចំហាយទឹក រហូតដល់ច្បាប់អាវ៉ូកាប្រូ : |
| Statement of responsibility, etc. | និពន្ធដោយ គីម ថែខ្វាន់ និង អ៊ីម ហ្យងវុក - គូររូបដោយ មុន ផ្សងយុន - បកប្រែពីភាសាថៃដោយ វ៉ា សុវណ្ណរដ្ដ |
| 250 ## - EDITION STATEMENT | |
| Edition statement | បោះពុម្ពលើកទី ៣ កុម្ភៈ ២០២២ |
| 260 ## - PUBLICATION, DISTRIBUTION, ETC. | |
| Place of publication, distribution, etc. | Phnom Penh : |
| Name of publisher, distributor, etc. | Sipar, |
| Date of publication, distribution, etc. | 2022. |
| 300 ## - PHYSICAL DESCRIPTION | |
| Extent | 97 pages : |
| Other physical details | color illustrations ; |
| Dimensions | 23 cm |
| 490 ## - SERIES STATEMENT | |
| Series statement | ខ្ញុំចង់ដឹង |
| Volume/sequential designation | 3 |
| 505 ## - FORMATTED CONTENTS NOTE | |
| Formatted contents note | Z'<br/> |
| 520 ## - SUMMARY, ETC. | |
| Summary, etc. | ផ្នែកទី 3 នៃសៀវភៅរូបថ្លុកកំប្លែងនេះ ពិពណ៌នាអំពីប្រវត្តិនៃការរកឃើញវត្ថុវិទ្យាសាស្រ្ត ភពថ្មី សារធាតុគីមី ច្បាប់ និងទ្រឹស្តីរវាងសតវត្សទី 18 និង 19 ជាមួយនឹងការសន្ទនារបស់ Albert Einstein, Ouchou និង Phora ។ |
| 520 ## - SUMMARY, ETC. | |
| Summary, etc. | Part 3 in the series describing the history of the discoveries of scientific things, a new planet, chemical substances, laws and theories between the 18th and 19th century with the dialogue of Albert Einstein, Ouchou and Phora. |
| 521 8# - TARGET AUDIENCE NOTE | |
| Target audience note | 1060<br/> |
| Source | Lexile estimate<br/><br/> |
| 521 8# - TARGET AUDIENCE NOTE | |
| Target audience note | Z'<br/> |
| Source | Raz-Plus<br/> |
| 650 ## - SUBJECT ADDED ENTRY--TOPICAL TERM | |
| Topical term or geographic name entry element | ស្រាវជ្រាវ |
| Form subdivision | ទ្រឹស្ដី |
| General subdivision | វិទ្យាសាស្រ្ត |
| Chronological subdivision | សន្ទនា |
| 650 ## - SUBJECT ADDED ENTRY--TOPICAL TERM | |
| Topical term or geographic name entry element | Discover |
| Form subdivision | Theories |
| General subdivision | Science |
| Chronological subdivision | Dialogue |
| 700 ## - ADDED ENTRY--PERSONAL NAME | |
| Personal name | Hyeong-wook, Im |
| Relator term | Author |
| 700 ## - ADDED ENTRY--PERSONAL NAME | |
| Personal name | Sung-hun, Jung |
| Relator term | illustrator] |
| 700 ## - ADDED ENTRY--PERSONAL NAME | |
| Personal name | Sovannrath, Va |
| Relator term | Translator |
| 942 ## - ADDED ENTRY ELEMENTS (KOHA) | |
| Source of classification or shelving scheme | Dewey Decimal Classification |
| Koha item type | Khmer Books |
| Suppress in OPAC | No |
| Withdrawn status | Lost status | Source of classification or shelving scheme | Damaged status | Not for loan | Collection | Home library | Current library | Shelving location | Date acquired | Total Checkouts | Full call number | Barcode | Date last seen | Date last checked out | Copy number | Price effective from | Koha item type |
|---|---|---|---|---|---|---|---|---|---|---|---|---|---|---|---|---|---|
| Dewey Decimal Classification | Khmer Non-Fiction / សៀវភៅខ្មែរ រឿងពិត | Footprints International School Library Network Toul Kork Campus | Footprints International School Library Network Toul Kork Campus | 09/21/2023 | 1 | TAE 509.031 | 2023-0685 | 02/02/2026 | 01/05/2026 | 1 | 09/21/2023 | Khmer Books | |||||
| Dewey Decimal Classification | Khmer Non-Fiction / សៀវភៅខ្មែរ រឿងពិត | Footprints International School Library Network Toul Kork Campus | Footprints International School Library Network Toul Kork Campus | 09/21/2023 | TAE 509.031 | 2023-0686 | 09/21/2023 | 2 | 09/21/2023 | Khmer Books | |||||||
| Dewey Decimal Classification | Khmer Non-Fiction / សៀវភៅខ្មែរ រឿងពិត | Footprints International School Library Network Toul Kork Campus | Footprints International School Library Network Toul Kork Campus | 09/21/2023 | TAE 509.031 | FISTK05245 | 09/27/2023 | 3 | 09/21/2023 | Khmer Books | |||||||
| Dewey Decimal Classification | Khmer Non-Fiction / សៀវភៅខ្មែរ រឿងពិត | Footprints International School Library Network Toul Kork Campus | Footprints International School Library Network Toul Kork Campus | 09/21/2023 | TAE 509.031 | FISTK05244 | 09/27/2023 | 4 | 09/21/2023 | Khmer Books | |||||||
| Dewey Decimal Classification | Khmer Non-Fiction / សៀវភៅខ្មែរ រឿងពិត | Footprints International School Library Network Toul Kork Campus | Footprints International School Library Network Toul Kork Campus | TTP Secondary Khmer Bookshelves | 09/21/2023 | 1 | TAE 509.031 | FISSE01569 | 03/11/2025 | 03/11/2025 | 5 | 09/21/2023 | Khmer Books | ||||
| Dewey Decimal Classification | Khmer Non-Fiction / សៀវភៅខ្មែរ រឿងពិត | Footprints International School Library Network Toul Tom Poung Campus | Footprints International School Library Network Toul Tom Poung Campus | TTP Secondary Khmer Bookshelves | 04/01/2025 | TAE 509.031 | FIS04377 | 04/01/2025 | 6 | 04/01/2025 | Khmer Books |
